00376nam a2200145Ia 4500003000400000008004100004040001600045082001300061100002000074245004100094260003400135300001000169650001500179650003600194GCL140319s9999 xx 000 0 eng d aGCL / cGCL04a192bS J1 aSKORUPSKI, JOHN10aJOHN STUART MILL / cSKORUPSKI, JOHN a[S.N] : bROUTLEDGE ، c1989 a431 P04aPHILOSOPHY04aMILL, JOHN STUART - 1806 - 1873